书目信息 |
| 题名: |
图书馆学情报学参考资料
|
|
| 作者: | ;本社 编 | |
| 分册: | 1981年第2辑 | |
| 出版信息: | 北京 书目文献出版社 1982.08 |
|
| 页数: | 104页 | |
| 开本: | 26cm | |
| 丛书名: | ||
| 单 册: | ||
| 中图分类: | G25 | |
| 科图分类: | ||
| 主题词: | 图书馆学 , 图书馆事业 | |
| 电子资源: | ||
| ISBN: | ||
| 000 | 00598nam0 2200217 45 | |
| 001 | 0310271574 | |
| 005 | 20031219104120.2 | |
| 010 | @dCNY0.85 | |
| 091 | @a7201.22:2 | |
| 100 | @a20031027d1982 km y0chiy0120 ea | |
| 101 | 0 | @achi |
| 105 | @a z 000yy | |
| 200 | 1 | @a图书馆学情报学参考资料@h1981年第2辑@ATu Shu Guan Xue Qing Bao Xue Can Kao Zi Liao@f本社编@FBen She Bian |
| 210 | @a北京@c书目文献出版社@d1982.08 | |
| 215 | @a104页@d26cm | |
| 606 | 0 | @a图书馆学 |
| 606 | 0 | @a图书馆事业 |
| 690 | @aG25@v3 | |
| 711 | 02 | @a本社@4编 |
| 801 | @aCN@bTSTC@c20031027 | |
| 905 | @f1@b77316@dG25@e2/1981 | |
| 图书馆学情报学参考资料.1981年第2辑/本社编.-北京:书目文献出版社,1982.08 |
| 104页;26cm |
| ISBN :CNY0.85 |
| ● |
| 相关链接 |
|
|
|
|
正题名:图书馆学情报学参考资料
索取号:G25/2/1981
 
预约/预借
| 序号 | 登录号 | 条形码 | 馆藏地/架位号 | 状态 | 备注 |
| 1 | 0077316 | 001516755 | 密集书库/ [索取号:G25/2/1981] | 在馆 |